|
|
|
|
| LEADER |
00000cam a2200000 7i4500 |
| 001 |
0000039991 |
| 005 |
20150201.0 |
| 008 |
140305 |
| 020 |
|
|
|a 9670466019
|
| 090 |
0 |
0 |
|a 158.1
|b MUH
|
| 100 |
0 |
|
|a Muhaya Hj Mohamad
|
| 245 |
1 |
0 |
|a Celik mata reset minda
|c Prof. Dr. Muhaya Hj Mohamad
|
| 260 |
|
|
|a KL :
|b As-Sohwah Entp. ,
|c 2012
|
| 650 |
|
0 |
|a Motivation (Psychology)
|
| 999 |
|
|
|a 0001270164
|b Book
|c Adult Collection
|e Cawangan Taman Sri Lambak
|
| 999 |
|
|
|a 0001270166
|b Book
|c Adult Collection
|e Cawangan Mersing
|
| 999 |
|
|
|a 0001270167
|b Book
|c Adult Collection
|e Cawangan Bukit Gambir
|
| 999 |
|
|
|a 0001270172
|b Book
|c Adult Collection
|e Cawangan Tmn. Ungku Tun Aminah
|
| 999 |
|
|
|a 0001270173
|b Book
|c Adult Collection
|e Cawangan AEON Kulaijaya
|
| 999 |
|
|
|a 0001279132
|b Book
|c Adult Collection
|e Perbadanan Perpustakaan Awam Johor
|